000 00569nam a2200181Ia 4500
003 GCL
008 140319s9999 xx 000 0 ara d
040 _aGCL /
_cGCL
082 0 4 _a965.02
_bع ث
100 1 _aعلى الشلقانى
245 1 0 _aثورة الجزائر /
_cعلى الشلقانى
300 _a252 ص
490 _aدراسات فى الحركة الوطنية
_v0
650 0 4 _aالاستعمار الفرنسى
650 0 4 _aالجزائر - الاستعمار
650 0 4 _aالجزائر - الاحوال السياسية
942 _2ddc
_cBK
999 _c40039
_d40039